Laboratory practical & field report(A) (Record no. 9957)

MARC details
000 -LEADER
fixed length control field 00627cam a2200229ua 4500
008 - FIXED-LENGTH DATA ELEMENTS--GENERAL INFORMATION
fixed length control field 190806n ii |||gr||||Z||||||asm
020 ## - INTERNATIONAL STANDARD BOOK NUMBER
International Standard Book Number 9789382030737
040 ## - CATALOGING SOURCE
Transcribing agency MAIN
041 ## - LANGUAGE CODE
-- asm
082 ## - DEWEY DECIMAL CLASSIFICATION NUMBER
Classification number 370
100 ## - MAIN ENTRY--PERSONAL NAME
Personal name Dipti Devi Phukan,
Relator term
245 ## - TITLE STATEMENT
Title Laboratory practical & field report(A)
Statement of responsibility, etc. By Dipti Devi Phukan
250 ## - EDITION STATEMENT
Edition statement 2nd ed.
260 ## - PUBLICATION, DISTRIBUTION, ETC.
Place of publication, distribution, etc. Jorhat:
Name of publisher, distributor, etc. Unika prakashan,
Date of publication, distribution, etc. 2015.
300 ## - PHYSICAL DESCRIPTION
Extent 240p.
700 ## - ADDED ENTRY--PERSONAL NAME
Personal name Jogesh Changmai,
Relator term
700 ## - ADDED ENTRY--PERSONAL NAME
Personal name Swapnali Bora,
Relator term
942 ## - ADDED ENTRY ELEMENTS (KOHA)
Koha item type Books
653 ## - INDEX TERM--UNCONTROLLED
Uncontrolled term Education
653 ## - INDEX TERM--UNCONTROLLED
Uncontrolled term Parikshagarar bybaharik shiksha aru kshetra pratibedan
Holdings
Withdrawn status Lost status Damaged status Not for loan Home library Current library Shelving location Date acquired Total Checkouts Full call number Barcode Date due Date last seen Date last checked out Copy number Price effective from Koha item type
        Central Library, Naharkatiya College Central Library, Naharkatiya College General Stacks 19/09/2020 3 370 | PHU 26975 19/03/2021 04/03/2021 04/03/2021 1 19/09/2020 Books

Naharkatiya College © 2020. All rights reserved.

Powered By